[Event "Hessen-ch U17 Open"]
[Site "Bad Homburg"]
[Date "2013.03.25"]
[Round "1"]
[White "Pietzsch, Tobias"]
[Black "Zimmermann, Tobias"]
[Result "1-0"]
[WhiteElo "1019"]
[BlackElo "1750"]
[PlyCount "53"]
[EventDate "2013.03.??"]
[EventType "swiss"]
[EventRounds "7"]
[EventCountry "GER"]
[SourceTitle "EXT 2014"]
[Source "ChessBase"]
[SourceDate "2013.11.20"]
[SourceVersion "1"]
[SourceVersionDate "2013.11.20"]
[SourceQuality "1"]

1. f4 e5 2. e3 Qh4+ 3. g3 Qf6 4. Nf3 Nc6 5. Nc3 Qd8 6. fxe5 f6 7. exf6 Qxf6 8. b3 Bc5 9. Bb2 Nge7 10. Qe2 0-0 11. 0-0-0 d6 12. Nd5 Nxd5 13. Bxf6 Rxf6 14. Qc4 Be6 15. Qe2 Bf5 16. d3 Ba3+ 17. Kd2 Ncb4 18. c3 Nxd3 19. e4 c6 20. Qxd3 Re6 21. exf5 Re3 22. Qc4 b5 23. Qxc6 Rb8 24. Qxd5+ Kh8 25. Kxe3 b4 26. Qxd6 Rc8 27. Qd8+ 1-0